Mechanics of materials (Record no. 6027)

000 -LEADER
fixed length control field 00600nam a2200229 i 4500
001 - CONTROL NUMBER
control field 6027
003 - CONTROL NUMBER IDENTIFIER
control field BD-DhUET
008 - FIXED-LENGTH DATA ELEMENTS--GENERAL INFORMATION
fixed length control field 770505s1978 nyua 001 0 eng
040 ## - CATALOGING SOURCE
Original cataloging agency DLC
Transcribing agency DLC
Modifying agency BD-DhUET
082 00 - DEWEY DECIMAL CLASSIFICATION NUMBER
Classification number 620.11
Item number HIG/1978
100 ## - MAIN ENTRY--PERSONAL NAME
Personal name Higdon, Archie
245 00 - TITLE STATEMENT
Title Mechanics of materials
250 ## - EDITION STATEMENT
Edition statement 3rd ed.
260 ## - PUBLICATION, DISTRIBUTION, ETC. (IMPRINT)
Place of publication, distribution, etc. New York
Name of publisher, distributor, etc. John Wiley and Sons
Date of publication, distribution, etc. 1978
300 ## - PHYSICAL DESCRIPTION
Extent xiv, 752 p.
Other physical details ill.
Dimensions 24 cm.
504 ## - BIBLIOGRAPHY, ETC. NOTE
Bibliography, etc Includes bibliographies
650 #0 - SUBJECT ADDED ENTRY--TOPICAL TERM
Topical term or geographic name as entry element Strength of materials
700 ## - ADDED ENTRY--PERSONAL NAME
Personal name Ohlsen, Wdward H.
700 ## - ADDED ENTRY--PERSONAL NAME
Personal name Stiles , William B.
700 ## - ADDED ENTRY--PERSONAL NAME
Personal name Weese, John A.
942 ## - ADDED ENTRY ELEMENTS (KOHA)
Koha item type General Book
Holdings
Koha date last seen Not for loan Shelving location Withdrawn status Location (home branch) Koha date last borrowed Koha collection Price effective from Koha issues (times borrowed) Damaged status Date acquired Koha normalized classification for sorting Source of classification or shelving scheme Koha item type Piece designation (barcode) Koha full call number Copy number Lost status Sublocation or collection (holding branch) Koha renewals
2014-11-29 Circulation section Central Library, BUET  2014-11-29  2014-11-29620_110000000000000_HIG_1978 General Book61731620.11/HIG/19787 Central Library, BUET 
2014-12-02 Circulation section Central Library, BUET  2014-12-02  2014-12-02620_110000000000000_HIG_1978 General Book61725620.11/HIG/19782 Central Library, BUET 
2014-12-02 Circulation section Central Library, BUET  2014-12-02  2014-12-02620_110000000000000_HIG_1978 General Book61733620.11/HIG/19783 Central Library, BUET 
2024-02-13 Circulation section Central Library, BUET2019-02-27 2014-12-021 2014-12-02620_000000000000000_11HIG1978 General Book61727620.11/HIG/19784 Central Library, BUET1
2014-12-02 Circulation section Central Library, BUET  2014-12-02  2014-12-02620_110000000000000_HIG_1978 General Book61726620.11/HIG/19785 Central Library, BUET 
2014-12-02 Circulation section Central Library, BUET  2014-12-02  2014-12-02620_000000000000000_11HIG1978 General Book61728620.11/HIG/19786 Central Library, BUET 
2014-12-02 Circulation section Central Library, BUET  2014-12-02  2014-12-02620_000000000000000_11HIG1978 General Book61730620.11/HIG/19781 Central Library, BUET 
2014-12-02 Circulation section Central Library, BUET  2014-12-02  2014-12-02620_000000000000000_11HIG1978 General Book61732620.11/HIG/19788 Central Library, BUET 
2015-01-10 Circulation section Central Library, BUET  2015-01-10  2015-01-10620_110000000000000_HIG_1978 General Book61729620.11/HIG/19789 Central Library, BUET 
2015-01-28 Circulation section Central Library, BUET Non Fiction2015-01-28  2015-01-28620_110000000000000_HIG_1978 General Book61734620.11/HIG/197810 Central Library, BUET